000
00276 a2200109 4500
003
Nust
005
20170207154233.0
040
_c
Nust
082
_a
371.33
245
_a
Firefinder Arty Sys Op Of The Tpq-36 (VHS-573)
440
_a
Firefinder Arty Sys Op Of The Tpq-36 (VHS-573)
538
_a
Duration 87-Mins
999
_c
195988
_d
195988